=LDR 00000nam 2200000 4500 =001 INLIS000000000010035 =005 20130612101756 =008 ***********************************Ind** =035 ##$$0010-061300000010035 =041 ##$$a Ind =082 ##$$a F Rom D =090 ##$$a F Rom D, Dul m =100 ##$$a Dulche, Yolanda Vargas =245 ##$$a Mengapa sedih, Yolanda Vargas Dulche =260 ##$$a 1986 $b Jakarta =300 ##$$a 32 hlm, ilus, 21 cm =650 ##$$a Fiksi anak-anak =850 ##$$a NBPNMAT